| 000 | 00312nam a22000977a 4500 | ||
|---|---|---|---|
| 999 |
_c11084 _d11084 |
||
| 008 | 180824b ||||| |||| 00| 0 eng d | ||
| 020 | _a9788177395259 | ||
| 100 |
_aSharma Dev Vyas,etal. _96858 |
||
| 245 |
_aIntroduction to Physical Education-XII _bPart-A Theory |
||
| 260 |
_aNew Delhi _bAvichal Publishing Company _c2018 |
||